000 00295nam a22001337a 4500
008 171106b xxu||||| |||| 00| 0 eng d
020 _a9780471570646
041 _aeng
080 _23 ED
_a330.
100 _a61
101 _aKON
245 _aACCOUTING PRINCIPLES
_cKELL.K
942 _2udc
_cBK
999 _c37875
_d37875